000 01147ncm a2200361 c 4500
999 _c349238
_d349238
003 BLK
005 20250128005556.0
008 180414b bul |a|er|||| |0| c|bulo|
010 _aNOT00000991000
040 _aBLK
041 _aDEU
_cDEU
080 _aКонцерт за цигулка и оркестър
_b785.6:787.1
_z785.6:787.1
100 1 _aБрух, Макс
_eпърви автор
_943529
139 _aБрух, Макс
_bБ 82
245 1 0 _aKonzert
_bFur Violine mit begleitung des Orchesters : g-moll
_cМакс Брух; * Max Bruch.
_sOp.26
254 _aПартитура
257 _aDEU
260 _bPeters 4590
_c1970
300 _a31 с.+ 1 щим 12 с.
_c30 см
380 _a7
650 0 _aЦигулка - концерти, концертини
_9291571
653 _aцигулка
653 _aконцерти
700 1 _aBruch, Max
_e*
_96249
852 _aЦб М ІІ 4308
856 4 _qpdf
_u
856 4 _qpdf
_u
942 _cNOT
_n0
_s1
944 _aCR
_c2020-03-21
_k
_lCRON CRON
944 _aCR
_c2020-03-21
999 _d349238
999 _d349238